Obrábateľnosť materiálov : Diplomová práca

Gespeichert in:
Bibliographische Detailangaben
1. Verfasser: Gubó, Štefan (Verfasst von)
Weitere Verfasser: Pálka, Viliam (xxx)
Format: Manuskript Buch
Sprache:Slowakisch
Veröffentlicht: Trnava : SVŠT v Bratislave StF KOOSaM, 1988
Schlagworte:
Tags: Tag hinzufügen
Keine Tags, Fügen Sie das erste Tag hinzu!

MARC

LEADER 00000ntm a22000003a 4500
001 stu92361
005 20160719162633.5
008 050112s1988----cs------------------slo-d
040 |a STU  |b slo 
041 0 |a slo 
044 |a cs 
100 1 |a Gubó, Štefan  |4 aut 
245 1 |a Obrábateľnosť materiálov :  |b Diplomová práca 
260 |a Trnava :  |b SVŠT v Bratislave StF KOOSaM,  |c 1988 
300 |a 92 s 
650 7 |a Strojárska technológia-obrábanie  |2 stusub 
700 1 |a Pálka, Viliam  |4 xxx 
996 |b 284M043138  |c M*DP-2758  |l MMSKP  |s P  |a 0  |w stu92361_0001